Statistics for MTV Scream - The TV show

Click here to take the quiz!

General Stats

  • This quiz has been taken 178 times
  • The average score is 7 of 12

Answer Stats

hintAnswer% Correct
who is the lead role in both seasonsEmma
97%
who dies first? Nina, Tyler or KieranTyler
95%
who is Jake dating in season 2 when he gets killedBrooke
91%
When does brookes dad die? season 1 or season 2?2
76%
which is the better season ? 1 or 21
73%
whose blood does emma get covered inWill
56%
whos is the killer in season 1pyper
53%
who was the orignial lakewood killerbrandon james
52%
does kieran go to jail or get killedboth
42%
who is kierans final kill?Eli
38%
Where does brooke get drunk while doing a speechcarnival
25%
how is kieran and pyper related ?Boyfriend and girlfriend
12%

Score Distribution

Percentile by Number Answered

Percent of People with Each Score

Your Score History

You have not taken this quiz